Football : Les numéros des joueurs du PSG pour la saison 2023-24 - Statistiques

Statistiques générales
  • Ce quiz a été pris 391 fois
  • Le résultat moyen est 20 sur 28
Statistiques - réponses
Joueur Numéro % Correct
Kylian Mbappé 7
99%
Ousmane Dembélé 10
98%
Presnel Kimpembe 3
96%
Marquinhos 5
96%
Gianluigi Donnarumma 99
94%
Achraf Hakimi 2
93%
Fabian Ruiz 8
92%
Keylor Navas 1
89%
Marco Asensio 11
88%
Goncalo Ramos 9
82%
Warren Zaïre-Emery 33
80%
Bradley Barcola 29
79%
Vitinha 17
72%
Lucas Hernandez 21
69%
Nuno Mendes 25
67%
Manuel Ugarte 4
66%
Randal Kolo Muani 23
65%
Kang-In Lee 19
61%
Lucas Beraldo 35
61%
Sergio Rico 16
59%
Carlos Soler 28
55%
Nordi Mukiele 26
50%
Danilo Pereira 15
49%
Milan Skriniar 37
49%
Ethan Mbappé 38
42%
Layvin Kurzawa 97
38%
Arnau Tenas 80
32%
Senny Mayulu 41
31%
Aucun quiz correspondant
Distribution des résultats
% des personnes avec chaque résultat
Percentile par nombre de réponses
Votre historique - résultats
Vous n’avez pas pris ce quiz